|
|
|
|
| LEADER |
00000nam0a2200000 4500 |
| 001 |
377277 |
| 005 |
20231102012911.0 |
| 035 |
|
|
|a (RuTPU)RU\TPU\retro\34726
|
| 035 |
|
|
|a RU\TPU\retro\34710
|
| 090 |
|
|
|a 377277
|
| 100 |
|
|
|a 20230216d1975 k y0rusy50 ca
|
| 101 |
0 |
|
|a rus
|
| 102 |
|
|
|a RU
|
| 105 |
|
|
|a a z 001zy
|
| 200 |
1 |
|
|a Расчленение дозырянских четвертичных отложений Обского Севера (по палинологическим данным)
|f Е. Е. Гуртовая
|g Академия наук СССР, Сибирское отделение, Институт геологии и геофизики ; отв. ред. В. Н. Сакс
|
| 210 |
|
|
|a Новосибирск
|c Наука
|d 1975
|
| 215 |
|
|
|a 75 с.
|c ил.
|
| 225 |
1 |
|
|a Труды Института геологии и геофизики
|v Вып. 208
|
| 320 |
|
|
|a Библиогр.: с. 71-75.
|
| 330 |
|
|
|a В работе даны схемы зонального палинологического деления опорных разрезов дозырянских четвертичных отложении Обского Севера и сопоставление этой схемы со схемами деления, выполненными по микропалеонтологическим и литологическим данным. Для уточнения характера дозырянских четвертичных спорово-пыльцевых спектров и их возраста проведено сопоставление со спектрами одновозрастных отложений бассейнов Енисея, Иртыша и средней Оби. На основе проведенных исследовании удалось дополнить общую картину истории развития растительности северо-западной части Западно-Сибирской равнины. Работа рассчитана на геологов, ботаников, палинологов, работающих в условиях севера Сибири и европейской части СССР.
|
| 606 |
1 |
|
|a Четвертичные отложения
|2 stltpush
|3 (RuTPU)RU\TPU\subj\18734
|9 44113
|
| 606 |
1 |
|
|a Палинология
|2 stltpush
|3 (RuTPU)RU\TPU\subj\48038
|9 66920
|
| 610 |
1 |
|
|a зональное деление
|
| 610 |
1 |
|
|a географическое положение
|
| 610 |
1 |
|
|a рельеф
|
| 610 |
1 |
|
|a климат
|
| 610 |
1 |
|
|a почвы
|
| 610 |
1 |
|
|a растительность
|
| 610 |
1 |
|
|a стратиграфия
|
| 610 |
1 |
|
|a методы исследования
|
| 610 |
1 |
|
|a разрезы
|
| 610 |
1 |
|
|a растительность
|
| 675 |
|
|
|a 551.79
|v 3
|
| 675 |
|
|
|a 581
|v 3
|
| 700 |
|
1 |
|a Гуртовая
|b Е. Е.
|g Евгения Елизаровна
|
| 702 |
|
1 |
|a Сакс
|b В. Н.
|g Владимир Николаевич
|4 340
|
| 712 |
0 |
2 |
|a Академия наук СССР
|b Сибирское отделение
|b Институт геологии и геофизики
|c (Новосибирск)
|c (1957-1990)
|2 stltpush
|3 (RuTPU)RU\TPU\col\128
|9 23211
|
| 801 |
|
1 |
|a RU
|b 63413507
|c 20170911
|
| 801 |
|
2 |
|a RU
|b 63413507
|c 20230216
|g RCR
|
| 942 |
|
|
|c BK
|